| 000 | 00831nam a22002777a 4500 | ||
|---|---|---|---|
| 003 | CHAP | ||
| 005 | 20220329141652.0 | ||
| 008 | 971013s r 00010 d | ||
| 010 | _a71930 | ||
| 011 | _a72902 | ||
| 035 | _a82458 | ||
| 040 | _cCHAP | ||
| 090 | _aR-1154 | ||
| 100 | 0 | 0 |
_aGaray, Alfonso L. de. _945595 |
| 245 | _aRelaciones familiares en el pedigree de los lacandones de México | ||
| 500 | _aSobretiro de : Anales del INAH 7:1-34, 1975 | ||
| 590 |
_aBATCH-UPD _b10 _c20130110 _lUCH01 _h0743 |
||
| 590 |
_aBATCH-UPD _b10 _c20130110 _lUCH01 _h2358 |
||
| 590 |
_aCONVERSION _b10 _c20130109 _lUCH01 _h1339 |
||
| 650 | 1 | 4 |
_aLacandones. _964320 |
| 700 | 0 |
_aBrow, James E. _915607 |
|
| 700 | 0 |
_aCabo de Gallegos, Lourdes. _916623 |
|
| 901 | _aBK | ||
| 942 | _cREIMP | ||
| 949 |
_aR-1154 _bBC _cR _d-36532 _eTS1 _i82458 _mD _si |
||
| 999 |
_c71930 _d71930 |
||